000 00535nam a22001697a 4500
005 20251108172736.0
008 250721s2003 xx 000 0 ara d
082 1 4 _a973.928/لور
100 1 _aلوران، إريك
_eمؤلف
245 1 0 _aعالم بوش السري /
264 1 _aبيروت :
_bدار الخيال للطباعة والنشر والتوزيع،
_c2003.
300 _a250ص
650 1 7 _aالتاريخ الأميركي
700 1 _aقازان، سوزان
_eمترجم
942 _2ddc
_cBK
999 _c87347
_d87347